Histoire du drapeau des Fidji - Statistiques

Statistiques générales
  • Ce quiz a été pris 25 fois
  • Le résultat moyen est 4 sur 10
Statistiques - réponses
Hint Réponse % Correct
Fidji (drapeau actuel depuis 1970)
75%
Cinquième drapeau de la colonie britannique des Fidji (1924-1970)
56%
Royaume des Fidji (1871-1874)
50%
Quatrième drapeau de la colonie britannique des Fidji (1908-1924)
50%
Troisième drapeau de la colonie britannique des Fidji (1883-1908)
44%
Confédération des royaumes indépendants des Fidji (1865-1867)
31%
Deuxième drapeau de la colonie britannique des Fidji (1877-1883)
31%
Premier drapeau de la colonie britannique des Fidji (1874-1877)
31%
Confédération des Lau (1869-1871)
19%
Drapeau du royaume de Bau (1867-1869)
19%
Aucun quiz correspondant
Distribution des résultats
% des personnes avec chaque résultat
Percentile par nombre de réponses
Votre historique - résultats
Vous n’avez pas pris ce quiz